Wszystkie kluby Ligi Konferencji Europy - Statystyki

Ogólne statystyki
  • Ten quiz został rozwiązany 28 razy
  • Średni wynik to 48 z 135
Statystyki odpowiedzi
Klub Kraj % Poprawnych
Chelsea FC Anglia
92%
Aston Villa Anglia
80%
Crystal Palace Anglia
80%
Lech Poznań Polska
80%
Legia Warszawa Polska
80%
Raków Częstochowa Polska
80%
West Ham United Anglia
76%
Jagiellonia Białystok Polska
72%
Sparta Praga Czechy
72%
Slavia Praga Czechy
68%
APOEL Nikozja Cypr
60%
FK Astana Kazachstan
60%
KAA Gent Belgia
60%
KRC Genk Belgia
60%
Rapid Wiedeń Austria
60%
1 FSV Mainz 05 Niemcy
56%
Austria Wiedeń Austria
56%
FCSB Rumunia
56%
FK Bodo/Glimt Norwegia
56%
HJK Helsinki Finlandia
56%
Omonia Nikozja Cypr
56%
Partizan Belgrad Serbia
56%
RSC Anderlecht Belgia
56%
Sigma Olomuniec Czechy
56%
Viktoria Pilzno Czechy
56%
AC Fiorentina Włochy
52%
Ajax Amsterdam Holandia
52%
Dinamo Zagrzeb Chorwacja
52%
FC Kopenhaga Dania
52%
Feyenoord Holandia
52%
Sheriff Tyraspol Mołdawia
52%
Slovan Bratysława Słowacja
52%
Club Brugge Belgia
48%
Dynamo Kijów Ukarina
48%
Flora Tallinn Estonia
48%
Hapoel Beer Szewa Izrael
48%
Olympiakos Pierus Grecja
48%
Rayo Vallecano Hiszpania
48%
Union Berlin Niemcy
48%
AEK Ateny Grecja
44%
AS Roma Włochy
44%
Besiktas Turcja
44%
Celtic Glasgow Szkocja
44%
CFR Cluj Rumunia
44%
FC Basel Szwajcaria
44%
Ferencvaros TC Węgry
44%
HNK Rijeka Chorwacja
44%
LASK Linz Austria
44%
Lincoln Red Imps Giblartar
44%
PAOK Grecja
44%
S.C. Braga Portugalia
44%
Sturm Graz Austria
44%
CSKA Sofia Bułgaria
40%
Dynamo Mińsk Białoruś
40%
FC Vaduz Lichtenstein
40%
Ludogorec Razgrad Bułgaria
40%
Real Betis Hiszpania
40%
Union SG Belgia
40%
Vikingur Reykjavik Islandia
40%
Eintracht Frankfurt Niemcy
36%
FK Jablonec Czechy
36%
Lazio Rzym Włochy
36%
Molde FK Norwegia
36%
Pafos FC Cypr
36%
Panathinaikos Grecja
36%
Trabzonspor Turcja
36%
Zalgiris Wilno Litwa
36%
1. FC Koln Niemcy
32%
Aberdeen Szkocja
32%
AEK Larnaka Cypr
32%
Apollon Limassol Cypr
32%
FC Midtjylland Dania
32%
Fenerbahce SK Turcja
32%
Hearts of Midlithian Szkocja
32%
Istanbul Basaksehir Turcja
32%
KuPS Kuopio Finlandia
32%
Lille OSC Francja
32%
Maccabi Tel Awiw Izrael
32%
OGC Nice Francja
32%
Olympique Marsylia Francja
32%
Servette FC Szwajcaria
32%
Shamrock Rovers Irlandia
32%
Spartak Trnawa Słowacja
32%
AZ Alkmar Holandia
28%
FC Heidenheim Niemcy
28%
FC Lugano Szwajcaria
28%
KI Klaksvik Wyspy Owcze
28%
Maccabi Hajfa Izrael
28%
NK Celje Słowenia
28%
Olimpija Ljubljana Słowenia
28%
Qarabag FK Azerbejdżan
28%
Stade Rennes Francja
28%
FK RFS Łotwa
24%
Kajrat Ałmaty Kazachstan
24%
Samsunspor Turcja
24%
The New Saint FC Walia
24%
TSC Backa Topola Serbia
24%
Villarreal CF Hiszpania
24%
Djurgardens IF Szwecja
20%
Hamrun Spartans Malta
20%
RC Strasburg Francja
20%
Shelbourne FC Irlandia
20%
Tottenham Hotspur Anglia
20%
Victoria Guimaraes Portugalia
20%
Zoria Ługańsk Ukraina
20%
FC Lausanne-Sport Szwajcaria
16%
FC Sankt Gallen Szwajcaria
16%
FK Mlada Boleslav Czechy
16%
Leicester City Anglia
16%
SK Dnipro-1 Ukraina
16%
Vitesse Holandia
16%
Anorthosis Famagusta Cypr
12%
BK Hacken Szwecja
12%
NS Mura Słowenia
12%
PSV Eindhoven Holandia
12%
SV Universitatea Craiova Rumunia
12%
Zrinjski Mostar Bośnia i Hercegowina
12%
Bora Banja Luka Bośnia i Hercegowina
8%
FK Cukaricki Serbia
8%
Larne FC Irlandia Północna
8%
Nordsjaelland Dania
8%
Piunik Erywań Armenia
8%
Silkeborg IF Dania
8%
Szkendija Tetowo Macedonia Północna
8%
1. FC Slovacko Czechy
4%
Alaszkert Erywań Armenia
4%
Ballkani Kosowo
4%
Cerle Brugge Belgia
4%
Drita Gnjilane Kosowo
4%
Petrcub Hincesti Mołdawia
4%
Sivasspor Turcja
4%
Breioablik Islandia
0%
Hoah Erywań Armenia
0%
Radners FC Dania
0%
Szachstar Donieck Ukraina
0%
Nie znaleziono quizów pasujących do podanych kryteriów
Rozkład punktacji
Procent ludzi z każdym wynikiem
Percentyl według liczby udzielonych odpowiedzi
Twoja historia wyników
Nie rozwiązałeś tego quizu